[Event "Corus"]
[Site "Wijk aan Zee"]
[Date "2010.01.27"]
[Round "10"]
[White "Leko, Peter"]
[Black "Short, Nigel D"]
[Result "1/2-1/2"]
[WhiteElo "2739"]
[BlackElo "2696"]
[Annotator "Marin,M"]
[PlyCount "137"]
[EventDate "2010.01.16"]
[EventType "tourn"]
[EventRounds "13"]
[EventCountry "NED"]
[EventCategory "19"]
[SourceTitle "CBM 135"]
[Source "ChessBase"]
[SourceDate "2010.03.17"]
[SourceVersion "1"]
[SourceVersionDate "2010.03.17"]
[SourceQuality "1"]

1. e4 Nf6 2. e5 Nd5 3. d4 d6 4. c4 Nb6 5. exd6 exd6 6. Nc3 Nc6 7. h3 Be7 8. Nf3
Bf5 9. Bd3 {The exchange of bishops ensures the f3-knight of absolute
stability, but offers Black comfortable play.} (9. Be2 {is the more ambitious
and main continuation.}) 9... Qd7 $1 {It is better to abstain himself from
activating the enemy queen by releasing the tension.} (9... Bxd3 10. Qxd3 O-O
11. O-O {offers White some additional possibilities.} Bf6 (11... Re8 12. b3 g6
(12... Qd7 13. Ng5 $5 {is a resource that is not available if Black refrains
from the exchange on d3.}) 13. Bf4 Bf6 14. Rfe1 {Again, with the bishops on
board this kind of move would have been simply bad because of ...Rxe1.} Bg7 15.
Rxe8+ Qxe8 16. Re1 Qd7 17. Qd2 Re8 18. Rxe8+ Qxe8 19. Nb5 Qd7 20. d5 {Smirnov,
I (2450)-Dolzhikova,K (2276)/Rodatychi 2006/EXT 2008 (1-0, 46)}) 12. b3 d5 13.
c5 Nc8 14. a3 h6 15. b4 N8e7 16. Bd2 {This move would not have been possible
if the light-squared bishops had been in tension.} (16. b5 Na5) 16... a6 17.
Ne2 Qd7 18. Ng3 $14 {Kernazhitsky,L (2330)-Taborov,B (2434)/Kiev 2009/CBM 131
Extra (1-0, 39)}) 10. O-O O-O 11. b3 (11. a3 {is kind of pointless.} Bxd3 ({
Black gets carried away by the relative weakness of the c4-square, but} 11...
Bf6 {looks sounder.}) 12. Qxd3 Na5 $5 13. Nd2 d5 14. c5 Nbc4 15. Ne2 (15. Nf3
$5 {would have left the c4-knight vulnerable.}) {Eppinger,G (2305)-Kertesz,A 
(2335)/Germany 1988/GER-chT (0-1, 40)} 15... Nxd2 16. Bxd2 Nc6 17. b4 a6 18. a4
Bf6 19. b5 Nd8 $11 {[%cal Gd8e6]}) 11... Bf6 12. Ne2 {White plans Ng3 in order
to convince Black to release the tension.} ({Inserting} 12. a3 a6 13. Bb2 Rfe8
{before carrying out this plan is ineffective because the opposition of the
dark-squared bishops favours Black because the d4-pawn would remain pinned and
the b2-bishop passive.} 14. Ne2 Re7 15. Ng3 Bxd3 16. Qxd3 g6 17. Rae1 Rae8 {
with a very pleasant position for Black in Uzcanga,J-Barbery,A/Parnaiba 1995/
EXT 1998 (1/2, 42)}) 12... Rfe8 13. Ng3 Bg6 {Still refraining from ...Bxd3.} (
13... Bxd3 14. Qxd3 g6 15. Bg5 {would have left Black's kingside more
vulnerable than in the game.}) 14. Bxg6 hxg6 {It appears that the g3-knight,
in which White has invested so much time, has little scope on the kingside.
Besides, Black is a tempo up (Qd3) compared to the line from the previous
comment.} 15. Bg5 Bxg5 16. Nxg5 d5 $11 {Finally this thematic break, just when
White was threatening d4-d5 himself. After the exchange of all bishops, Black
has no problems of coordination despite his relative lack of space.} 17. c5 Nc8
18. Nf3 N8e7 19. Ne2 f6 20. Nc3 g5 21. Qd3 Kf7 {Black becomes ambitious. His
kingside structure (the open h-file) offers him some hope to start a slow
attack. However, his chances for levelling matters are quite slim in the event
of accurate white play.} 22. Rfe1 a6 23. Re3 g4 24. Nh2 gxh3 25. Rxh3 Rh8 26.
Rxh8 Rxh8 27. Rd1 g5 28. Ne2 Ng6 29. f3 Nce7 (29... f5 $5 30. f4 g4 {may have
led to more interesting play. It is far from clear who will bring his knight
to e5/e4. Black's main trump is that his king can take active part in the
events (defending f5), although this could also allow some white tactics.}) 30.
Ng4 c6 31. Re1 Nf5 32. Kf2 Ng7 33. Ng3 Nf4 34. Qc2 Rh4 35. Rh1 Rxh1 36. Nxh1
Nf5 37. Qxf5 Qxf5 38. Nh6+ Kg6 39. Nxf5 Kxf5 40. g4+ Ke6 41. Ke3 {White has
managed to simplify and retains a symbolic plus because of his queenside space
advantage. However, the position is almost blocked and Black has little
trouble holding a draw.} Ng2+ 42. Kf2 Nf4 43. Ke3 Ng2+ 44. Ke2 f5 45. Ng3 Nf4+
46. Ke3 fxg4 47. fxg4 Kd7 48. Nf1 Kc7 49. Nd2 Ne6 50. Nf3 b6 {Black accepts
the weakening of his structure in order to eliminate White's space advantage.
The permanent weakness of the g4- and d4-pawns, which can be attacked by the
black knight do not allow White to use his own knight to take advantage of the
c5-square.} 51. cxb6+ Kxb6 52. Kd3 Ka5 53. Kc3 Kb5 54. a3 Ka5 55. Ne5 Kb5 56.
Nd7 Nf4 57. Nc5 Nh3 58. Nd3 Ng1 59. Kd2 Nf3+ 60. Ke3 Nh4 61. Ne5 Ng2+ 62. Kd2
Nf4 63. Nf3 Ne6 64. Kc3 Ka5 65. Ne5 Kb6 66. Kd3 Kc7 67. Nf3 Kb6 68. Kc2 Kb5 69.
Kc3 1/2-1/2

[Event "EU-ch 18th"]
[Site "Minsk"]
[Date "2017.06.06"]
[Round "7"]
[White "Gelashvili, Tamaz"]
[Black "Berkes, Ferenc"]
[Result "1-0"]
[WhiteElo "2563"]
[BlackElo "2654"]
[Annotator "Mekhitarian,K"]
[PlyCount "73"]
[EventDate "2017.05.30"]
[EventType "swiss"]
[EventRounds "11"]
[EventCountry "BLR"]
[SourceTitle "CBM 179"]
[Source "ChessBase"]
[SourceDate "2017.07.12"]
[SourceVersion "1"]
[SourceVersionDate "2017.07.12"]
[SourceQuality "1"]

1. e4 Nf6 2. e5 Nd5 3. d4 d6 4. c4 Nb6 5. exd6 exd6 (5... cxd6 $5 {is the more
unbalanced way to play the Alekhine} 6. Nc3 g6 7. Be3 Bg7 8. Rc1 O-O 9. b3 {
the critical line for some time. Black has recently found many resources to
make this position playable} Bf5 $5 {Berkes himself played this in 2017} (9...
e5 $5 {also has been holding the position for Black} 10. dxe5 dxe5 11. Qxd8
Rxd8 12. c5 N6d7 13. Bc4 Nc6 14. Nf3 h6 {is also acceptable for Black} 15. Ne4
Na5 16. Be2 f5 17. Nd6 Nc6 18. Bc4+ Kh7 19. h4 {the Ng5+ threat looks
dangerous, but Black also has positional trumps, with his strong centre} Bf8 $1
$13 {½-½ (27) Bachmann,A (2282)-Pajeken,W (2366) Calvia 2004}) 10. Nf3 (10.
d5 e5 11. dxe6 $6 Bxe6 12. Nge2 d5 $1 {and soon Black had a very good position}
13. c5 Nc6 $1 14. Nd4 Bxd4 15. Bxd4 Re8 $6 (15... Qh4 $1 {was very strong
right away}) 16. cxb6 Qh4 17. Ne2 $13 {1-0 (38) Xiong,J (2618)-Kamsky,G (2678)
Saint Louis 2016 with complicated play. You can check my analysis on this game.
}) 10... d5 11. c5 Nc8 12. h3 (12. b4 a6 13. a4 Bg4 14. Be2 Nc6 15. b5 axb5 16.
axb5 Na5 17. O-O e6 $11 {0-1 (35) Schroeder,J (2529)-Zhang,Z (2641) Dubai 2017,
Black has a positionally consistent setup, and White has more space.}) 12...
Nc6 13. Be2 Be4 14. Nxe4 dxe4 15. Ng5 Nxd4 $11 {1/2-1/2 (40) Mihok,O (2498)
-Berkes,F (2645) Hungary 2017}) 6. Nc3 Be7 7. Bd3 O-O 8. Nge2 {A good setup
for White, stopping ...Bg4 - having a solid control of d4 deprives Black of
counterplay.} Nc6 9. O-O Bf6 (9... Bg4 10. f3 Bh5 11. Be3 $6 (11. b3 $5 {
avoiding ...Nb4}) 11... Re8 $6 (11... Nb4 $1 {looks more to the point, any
exchange tends to favour Black} 12. b3 Nxd3 13. Qxd3 Bg6 14. Qd2 Bf6 15. Rad1
d5 16. c5 Nc8 17. Nf4 Ne7 18. b4 c6 $11 {0-1 (39) Milliet,S (2280)-Melamed,T 
(2318) Germany 2004 is very consistent.}) 12. b3 Bg5 13. Bf2 $1 Nb4 14. Bb1 {
avoiding all possible exchanges} d5 15. a3 Nc6 16. cxd5 $2 (16. c5 $1 Nd7 17.
Nxd5 $16 {looked like a healthy pawn up}) 16... Nxd5 17. Nxd5 Qxd5 18. Nc3 Qd7
19. Ne4 Be7 20. d5 Ne5 $11 {1-0 (63) Pichot,A (2543)-Valerga,D (2477) Villa
Martelli 2016 and Black is fine.}) (9... Nb4 {right away doesn't look good} 10.
Bb1 $1 c6 (10... Nxc4 $2 11. a3 $18 {and White wins a piece with Qd3 next}) 11.
Ng3 (11. a3 $1 Na6 12. Bf4 g6 13. Ba2 $16 {making ...d5 harder to achieve})
11... g6 12. b3 a5 13. Bh6 Re8 14. Qd2 d5 15. c5 Nd7 16. a3 Na6 17. Re1 Nc7 $11
{½-½ (28) Perez Ponsa,F (2577)-Valerga,D (2458) Buenos Aires 2016 with a
fine position.}) 10. b3 Re8 {Black forces the exchange by playing ...Bg4 next
with this move (White doesn't have time to play Be3-Qd2-f3)} 11. Be3 Bg4 12.
Qd2 Bxe2 (12... a5 $6 {now White will have a big advantage, avoiding the
exchange, since the black pieces have trouble finding decent squares} 13. Nf4
$5 (13. f3 $5) 13... Bg5 14. h3 Bxf4 15. Bxf4 Bh5 16. Rae1 Rxe1 17. Rxe1 Bg6
18. Bxg6 hxg6 19. d5 Ne7 20. Bg5 f6 21. Be3 $16 {1/2-1/2 (52) Thavandiran,S 
(2353)-Drozdowski,K (2508) Dallas 2016}) 13. Nxe2 d5 $5 {A thematic move in
the Alekhine - Black allows c5 intentionally, but creates prospects to attack
the d4-pawn at a later stage.} 14. c5 Nd7 15. b4 a6 16. Rae1 Nf8 17. Bb1 Qd7
18. a3 $1 {I like this move. The active looking a4 could backfire, since b5
will hardly be good for White (because of the Na5-Nc4 manoeuvre). Gelashvili
correctly evaluates his chances on the kingside to be better and keeps control
of the position.} (18. a4 {could be very well be bad for White:} Ne6 19. b5 $6
axb5 20. axb5 Na5 $1 {eyeing the c4-square, Black is fine.}) 18... b6 (18... b5
$1 {preparing ...a5 soon, to create a possible weakness on b4; it's a better
way to open up the queenside. I didn't like ...b6 and ...bxc5, leaving a
weakness on a6 and not getting much in return.} 19. cxb6 {it's something Black
has been looking for} cxb6 $11 {with ...Ne6 and ...g6 to come, Black has a
fine position.}) 19. h3 bxc5 $6 20. bxc5 Rab8 21. Bc2 Ne7 22. Qa5 Qb5 23. Qd2
Qd7 {White has a comfortable position, but it is not easy to progress.} 24. Nc3
(24. Nf4 $5 {I like this better, wanting to do something on the kingside} g6
25. g4 {stopping ...Nf5 for once and all} c6 (25... Ne6 {is a committal move,
maybe it shouldn't be played} 26. Nxe6 fxe6 27. Qd1 $5 {keeping an eye on Ba4,
and intending to play either f4 with a pawn storm, or Bf4 and Re2-Rfe1} Bg7 28.
Ba4 c6 29. Bf4 $16 {followed by Re2 and Rfe1}) 26. Re2 $16 {followed by Rfe1.})
24... Nf5 $4 {A very big mistake that puts Black in a lost position -
Gelashvili plays from here until the end with computer-like precision!} (24...
g6 {a typical move to limit the c2-bishop. Black has a plan to play Ne6-c6,
and create something against the d4-pawn. White probably has some advantage
because of the better space, but the game remains wide open.}) 25. c6 $1 Qc8 (
25... Qxc6 26. Bxf5 $18) 26. Nxd5 $18 {White wins a central pawn and
everything falls apart.} Bd8 (26... Nxe3 27. Nxf6+ gxf6 28. Rxe3 $18 {is
simply hopeless for Black.}) 27. Bf4 Ne7 28. Qd3 Rb5 29. Nc3 Ra5 30. a4 $1 Nfg6
31. d5 Kf8 32. Bg3 Qb8 33. h4 h5 34. Re3 Qb4 35. Rfe1 Qg4 36. Re4 Qf5 37. Qd4 {
In almost zugzwang, Black resigns. A nice game from the Georgian grandmaster!}
1-0

[Event "Metz op 31th"]
[Site "Metz"]
[Date "2013.04.20"]
[Round "1"]
[White "Migot, Tangi"]
[Black "Degraeve, Jean Marc"]
[Result "1/2-1/2"]
[WhiteElo "2311"]
[BlackElo "2567"]
[Annotator "Metz Alekhine/Primel,D"]
[PlyCount "91"]
[EventDate "2013.04.20"]
[EventType "swiss"]
[EventRounds "9"]
[EventCountry "FRA"]
[SourceTitle "EXT 2016"]
[Source "ChessBase"]
[SourceDate "2015.10.08"]
[SourceVersion "1"]
[SourceVersionDate "2015.10.08"]
[SourceQuality "1"]
[TimeControl "40/5400:1800+30"]
[WhiteClock "1:30:00"]
[BlackClock "1:30:00"]

1. e4 Nf6 2. e5 Nd5 3. d4 d6 4. c4 Nb6 5. exd6 exd6 (5... cxd6 $144 6. Nc3) 6.
Nc3 Be7 7. Bd3 Nc6 8. Nge2 (8. Be3 O-O) (8. Nf3 Bg4) 8... O-O 9. O-O Re8 10. b3
{76} (10. Be3) 10... Bg5 $5 {93 Le GMI avait tout joué à tempo contrairement
à son adversaire.} (10... Bg4) 11. d5 Nb4 12. a3 Nxd3 13. Qxd3 Bxc1 $146 {
Les Blancs ont un avantage d'espace et les échanges soulagent un peu la
défense du GMI. L'inconvénient est le fait que le Bc1 n'avait pas encore
été développé et la manoeuvre prend donc du temps pour le GMI mais il
tente d'améliorer une de ses parties anciennes} (13... Bd7 $143 14. Bb2 $14 {
[%csl Rb6]}) (13... Nd7 14. Bxg5 Qxg5 15. f4 Nc5 16. Qf3 Qg6 17. b4 Bg4 18. f5
Qh5 19. Qg3 Bxe2 20. Nxe2 Rxe2 21. bxc5 dxc5 22. Qxc7 Qg4 23. Qg3 Qxg3 24. hxg3
Rae8 25. Rad1 Rc2 26. Rfe1 Kf8 27. Rxe8+ Kxe8 28. Re1+ Kd7 29. Re4 Rc3 30. Rg4
Ke7 31. Rxg7 Rxc4 32. Rg8 Rd4 33. Rb8 Rxd5 34. Rxb7+ Rd7 35. Rb5 Rc7 36. Kf2
Kf6 37. g4 Kg5 38. Kg3 c4 39. Rb2 c3 40. Rc2 Rc4 41. Kf3 h6 42. g3 Rc7 43. a4 {
Moingt,J (2290)-Degraeve,J (2569) St Chely d'Aubrac 2010 0-1}) 14. Raxc1 Nd7 {
[%cal Gd7e5]} (14... a5 $6 15. Nb5 $1 {[%csl Rc7,Rd6]}) 15. Ng3 Ne5 16. Qd2 Bd7
17. f4 Ng4 {[%csl Re3]} 18. h3 Nf6 (18... Ne3 19. Rfe1 Nf5) 19. Qd4 Qe7 20. Kf2
{30} (20. Rfe1 Qxe1+ 21. Rxe1 Rxe1+ 22. Kf2 Rae8 (22... Re7)) 20... b6 {
78 Le GMI continue de jouer très vite} 21. Rfe1 Qf8 22. Rxe8 Rxe8 23. Re1 Rxe1
24. Kxe1 c5 25. Qe3 a6 26. a4 h6 27. Nge2 Ne8 28. g4 Nc7 29. f5 Qd8 30. Ne4 {
[%cal Ge4d6,Gf5f6]} Ne8 31. Qf4 (31. N2c3 $5 {[%csl Gb5] Aurait évité la
poussée libératrice b5} Qh4+ 32. Qg3 $14) 31... Qh4+ 32. Qg3 Qe7 33. Qf4 b5
34. axb5 axb5 35. Kf2 bxc4 36. bxc4 Ba4 {[%csl Rc4][%cal Ga4b3]} 37. f6 $1 Nxf6
38. Nxf6+ (38. Nxd6 $2 Qxd6 $1 {[%cal Gf6e4,Ge4f2,Ge4d6]}) 38... Qxf6 39. Qxf6
gxf6 40. Ng3 Bb3 41. Nf5 Bxc4 42. Nxh6+ {[%csl Gh3]} Kf8 43. Nf5 Bxd5 44. Nxd6
Kg7 45. Ke3 $11 Kg6 46. h4 1/2-1/2

[Event "Politiken Cup 22nd"]
[Site "Copenhagen"]
[Date "2000.07.20"]
[Round "4"]
[White "Mortensen, Erling"]
[Black "Baburin, Alexander"]
[Result "1/2-1/2"]
[WhiteElo "2438"]
[BlackElo "2590"]
[Annotator "Mortensen,E"]
[PlyCount "48"]
[EventDate "2000.07.17"]
[EventType "swiss"]
[EventRounds "11"]
[EventCountry "DEN"]
[SourceTitle "CBM 077 Extra"]
[Source "ChessBase"]
[SourceDate "2000.09.14"]
[SourceVersion "1"]
[SourceVersionDate "2000.09.14"]
[SourceQuality "1"]

1. e4 Nf6 2. e5 Nd5 3. d4 d6 4. Nf3 Bg4 5. c4 Nb6 6. exd6 exd6 7. Nc3 Be7 8.
Be3 Nc6 9. h3 {A rarely played variation which contains some venom. As white
has not castled kingside a pawn storm in this region is on the cards.} Bxf3 ({
Also dangerous is} 9... Bh5 10. g4 Bg6 11. d5 Ne5 12. Nxe5 dxe5 13. c5 $36) 10.
Qxf3 O-O (10... Bg5 11. Qe4+ Kf8 {does not look inviting for black.}) 11. h4
$14 {The black position is a bit cramped, therefore exchanges after Bg5 are
prevented.} a5 ({Searching for counterplay. Worse is} 11... d5 $2 12. c5 Nc4
13. O-O-O Nxe3 14. fxe3 Qd7 15. Qxd5 Rad8 16. Qf3 Nb4 17. Qxb7 Rb8 18. Qf3
Nxa2+ 19. Nxa2 Qa4 20. Kb1 Rb3 21. Rd2 Rfb8 22. Rc2 Qa3 23. Qf2 Rxe3 24. Rh3
Rxh3 25. gxh3 Bf6 26. Nc3 {1-0 Wedberg,T-Sandstrom,L/Stockholm 1998/EXT 99 (26)
}) ({but possible is} 11... Na5 12. b3 c6 (12... Nc6 $5 {might be a good idea
despite the loss of time, as a5-a4 will come with greater effect}) 13. Bd3 d5
14. c5 Nd7 15. Qf5 $5 g6 16. Qh3 $14) 12. O-O-O a4 13. c5 $1 Nd7 14. a3 $6 (14.
cxd6 Bxd6 (14... cxd6 15. a3 Rc8 16. Kb1 Nb6 17. Bd3 d5 18. h5 $16) 15. a3 Nb6
16. Bd3 Qe7 17. Nb5 $14) 14... dxc5 15. dxc5 Qc8 {The weak c5-pawn and the
square e5 ease the black defence} 16. Bb5 Bxc5 17. Bxa4 Nde5 18. Qe4 Bxe3+ 19.
Qxe3 Qg4 20. Bc2 Rad8 (20... Qxg2 $2 21. f4 Ng4 22. Qd3 Nf6 23. Rhg1 Qf2 24.
Nd5 $18) 21. f4 (21. g3 $5) 21... Ng6 22. g3 Nge7 23. Rxd8 Rxd8 24. Rd1 Rxd1+
1/2-1/2

[Event "ISR-ch op"]
[Site "Ramat Aviv"]
[Date "1999.04.04"]
[Round "5"]
[White "Psakhis, Lev"]
[Black "Krayz, Alexander"]
[Result "1-0"]
[WhiteElo "2564"]
[BlackElo "2375"]
[Annotator "Psakhis,L"]
[PlyCount "53"]
[EventDate "1999.03.28"]
[EventType "swiss"]
[EventRounds "9"]
[EventCountry "ISR"]
[SourceTitle "CBM 070"]
[Source "ChessBase"]
[SourceDate "1999.06.08"]
[SourceVersion "1"]
[SourceVersionDate "1999.06.08"]
[SourceQuality "1"]

1. e4 Nf6 2. e5 Nd5 3. d4 d6 4. c4 Nb6 5. exd6 exd6 6. Nc3 Be7 7. h3 O-O 8. Nf3
Re8 9. Be2 Bf6 (9... Bf5 10. O-O N8d7 11. Bf4 Nf8 12. b3 Ng6 13. Bh2 c6 14. Qd2
Bf6 15. Rfe1 a5 16. Bd3 Rxe1+ 17. Rxe1 Bxd3 18. Qxd3 d5 19. c5 $14 {1-0 Serper,
G-Dreev,A/Sochi 1986 (34)}) 10. O-O Bf5 11. Bf4 $5 {N/} (11. Re1 Nc6 12. a3 d5
13. c5 Nc8 14. Bf4 a6 15. Qd2 N8e7 16. Bf1 h6 17. b4 Be6 18. Ne2 $14 {1-0
Adams,M-Baburin,A/Kilkenny op 1996 (37)}) 11... h6 (11... Nc6 $142 $5) (11...
c6 $142 $5) 12. c5 $1 dxc5 (12... Nc8 13. Qb3 {[%csl Gb3,Gf4][%cal Rb3b7]}) 13.
dxc5 Qxd1 $6 (13... N6d7 $5 14. Qd5 (14. Nd5 Bxb2 15. Nxc7 (15. Bxc7 Qc8) 15...
Bxa1 16. Qxa1 Re4 $1 (16... Nc6) (16... Rxe2 $2 17. Nd4 $36) 17. Bg3 Nc6) (14.
Nd4 Bg6 15. b4 (15. Ncb5 Bxd4 16. Nxd4 Nxc5) 15... Nxc5) 14... Bxc3 15. Qxf5
Bxb2 (15... Rxe2 16. bxc3 $36) 16. Rae1 $44 (16. Bc4 Qf6) 16... Bc3 $140 17.
Bc4 Rf8 18. Rb1 b6 19. Rfc1 $36) 14. Raxd1 N6d7 (14... Na4 15. Nd5 $1 Rxe2 16.
Nxc7 Nxb2 17. Rde1 $16) 15. Nd5 $1 Rxe2 (15... Bd8 16. Nd4 (16. Bxc7 Rxe2 17.
Nd4 Rxb2 18. Bxd8 Nc6 19. Bf6 $1 $36) 16... Nxc5 17. Nxf5 Rxe2 18. Nb6 $1 axb6
19. Rxd8+ Kh7 20. Bxc7 Nca6 (20... Ne6 21. Re8 Ra5 22. Ng3 $1 $18) 21. Bxb6
Rxb2 22. Bd4 Rd2 23. Rb1 $16) 16. Nxc7 Rxb2 17. Nxa8 Rxa2 18. Rfe1 $1 $18 {
[%csl Gd1,Ge1,Gf4]} Be6 (18... Nc6 19. g4 Be6 20. Rxe6 fxe6 21. Rxd7 $18) 19.
Nc7 {[%csl Rb8,Rd7]} Bb3 (19... Bc4 $5) 20. Rb1 Bc2 21. Rxb7 Nc6 22. Nd5 Nxc5
23. Re8+ Kh7 24. Nxf6+ gxf6 25. Rxf7+ Kg6 26. Rc7 (26. Ref8 $5) 26... Nd3 27.
g4 $1 (27. g4 Nxf4 28. Rg8#) 1-0